000 01373cad a22002775a 4500
001 L158026
008 131216s2013 xxk f 000 0 eng d
020 _a9781783210411
035 _a(Sirsi) u158026
041 0 _aeng
110 2 _aRoyal Institution of Chartered Surveyors
_94900
245 0 0 _aSurveys of residential property
_h[electronic resource]
250 _a3rd edition
260 _aLondon
_cRICS
_b2013
490 0 _aRICS Guidance Note
490 0 _aRICS Conditions of Engagement
520 _aProvides guidance to chartered surveyors in England and Wales wishing to produce their own residential property survey product. Outlines range of residential surveying services available for property owners and vendors, competence, components of service available, the report, post report delivery and managing client expectations and a range of add on services available.
520 _aSupersedes RICS Building surveys of residential property 2004, 2nd edition (L117358), December 2013.
520 _aSuperseded by 3 ed ressue May 2016 (L159292)
590 _aKA
651 4 _aUnited Kingdom
690 _aSurvey reports
_96270
700 1 _aParnham, Phil
856 4 0 _uhttps://www.isurv.com/downloads/file/5816/archive_surveys_of_residential_property_3rd_edition_december_2013-may_2016
_zArchived on iSurv (subscription required)
942 _n0
_2ddc
999 _c115082
_d115082